Municipalités de la Lettonie - Statistiques

Statistiques générales
  • Ce quiz a été pris 41 fois
  • Le résultat moyen est 1 sur 43
Statistiques - réponses
Municipalité/Ville Capitale Réponse % Correct
Ville Capitale Riga
100%
Ville Capitale Daugavpils
20%
Municipalité Aizkraukle
0%
Municipalité Alūksne
0%
Municipalité Augšdaugava
0%
Municipalité Balvi
0%
Municipalité Bauska
0%
Municipalité Cēsis
0%
Municipalité Courlande du Sud
0%
Municipalité Ādaži
0%
Municipalité Dobele
0%
Municipalité Gulbene
0%
Municipalité Jēkabpils
0%
Municipalité Jelgava
0%
Ville Capitale Jelgava
0%
Ville Capitale Jūrmala
0%
Municipalité Ķekava
0%
Municipalité Krāslava
0%
Municipalité Kuldiga
0%
Ville Capitale Liepāja
0%
Municipalité Limbaži
0%
Municipalité Līvāni
0%
Municipalité Ludza
0%
Municipalité Madona
0%
Municipalité Mārupe
0%
Municipalité Ogre
0%
Municipalité Olaine
0%
Municipalité Preiļi
0%
Municipalité Rēzekne
0%
Ville Capitale Rēzekne
0%
Municipalité Ropaži
0%
Municipalité Salaspils
0%
Municipalité Saldus
0%
Municipalité Saulkrasti
0%
Municipalité Sigulda
0%
Municipalité Smiltene
0%
Municipalité Talsi
0%
Municipalité Tukums
0%
Municipalité Valka
0%
Municipalité Valmiera
0%
Municipalité Varakļāni
0%
Municipalité Ventspils
0%
Ville Capitale Ventspils
0%
Aucun quiz correspondant
Distribution des résultats
% des personnes avec chaque résultat
Percentile par nombre de réponses
Votre historique - résultats
Vous n’avez pas pris ce quiz